Statystyki dla Quiz wielkokrotnego wyboru dla (Geomexa)

Kliknij tutaj aby rozwiązać quiz!

Ogólne statystyki

  • Ten quiz został rozwiązany 33 razy
  • Średni wynik to 3 z 5

Statystyki odpowiedzi

ZagadnienieOdpowiedź% Poprawnych
Najpopularniejszy sport w Kanadzie?hokej
97%
Gdzie mieszkańcy kraju nie mogą palić papierosów we względu na prawo?Bhutan
52%
Który z tych krajów jest najbiedniejszy?Burundi
45%
Państwo które ma najwięcej energii odnawialnej?Islandia
41%
W którym kontynencie znajduje się najbiedniejszy z najbogatszych ludzi z każdego kontynentu?Afryka
31%

Rozkład punktacji

Percentyl według liczby udzielonych odpowiedzi

Procent ludzi z każdym wynikiem

Twoja historia wyników

Nie rozwiązałeś tego quizu